| 000 | 00700nam a2200193 i 4500 | ||
|---|---|---|---|
| 001 | 27779 | ||
| 003 | ES-MaACL | ||
| 007 | t| | ||
| 008 | 030115s1985 sp ||||1| spa d | ||
| 100 | 1 |
_aAzcoaga, Enrique, _d1912-1985 _924261 |
|
| 245 | 1 | 0 |
_aReflexiones sobre mi poesía _b: conferencia pronunciada el día 25 de febrero de 1985 / _cEnrique Azcoaga. |
| 260 |
_aMadrid : _bEscuela Universitaria de Formación del Profesorado de E.G.B. "Santa María", _c1985. |
||
| 300 |
_a51 p. ; _c21 cm. |
||
| 490 | 1 |
_aCuaderno de literatura ; _v9 |
|
| 504 | _aBibliografía: p. 51. | ||
| 830 | 0 |
_aCuaderno de literatura ; _v9 _9179363 |
|
| 852 |
_aES-MaACL _jL-8588 _bR.109219 |
||
| 999 |
_c27779 _d27779 |
||